| 000 | 00684nam a22002417a 4500 | ||
|---|---|---|---|
| 001 | 67667 | ||
| 003 | BD-RjUL | ||
| 005 | 20211209081700.0 | ||
| 008 | 170328s1989 ii a|||| |||| 001 0 eng d | ||
| 035 | _a(BD-RjUL)67876 | ||
| 040 |
_aBD-RjUL _beng _cBD-RjUL |
||
| 041 | _aeng | ||
| 082 |
_223 _a543.19 _bKHH 1989 |
||
| 100 | 1 |
_aKhandpur, R. S. _9200617 |
|
| 245 | 1 | 0 |
_aHandbook of analytical instruments / _cR. S. Khandpur. |
| 260 |
_aNew Delhi : _bTata McGraw-Hill, _cc1989. |
||
| 300 |
_axiv, 533 p. : _bill. ; _c24 cm. |
||
| 500 | _aIncludes index. | ||
| 650 |
_aInstruments _9200618 |
||
| 650 |
_aSpectroscopy _9200619 |
||
| 650 |
_aRaman spectroscopy _9200620 |
||
| 942 |
_2ddc _cBK |
||
| 999 |
_c67667 _d67667 |
||